000 00665nam a22002057a 4500
003 0
005 20250917150623.0
008 250917b xxu||||| |||| 00| 0 eng d
020 _a978-1-64726-924-1
050 _aQA 76.9.D35
_b.O89 2025
100 _aOswald, Joe,
_eauthor.
245 _aThe Basics of data structures and algorithms /
_cJoe Oswald.
260 _aNew York, NY :
_bClanrye International,
_c2025.
300 _a248 pages :
_billustrations ;
_c27 cm.
504 _aIncludes bibliographical references and index.
650 _aData structures (Computer science).
650 _aComputer algorithms.
650 _aComputer science.
942 _2lcc
_cBK
999 _c368022
_d368022